00635nam a2200229 a 4500001001300000003000900013005001700022008004100039020001000080082001300090100002500103245002100128260003100149300000800180500003500188650001400223700002500237902000800262942000700270952011300277999001500390nice12345678IN_TiNIC20260116011415.0080212s1908 teha grp 000 0 per  ac10000a520bHUS aHussain, Amli Md Bin aRisala Istarlaab aTehranbNo Publisherc1908 a00p aincludes index and biblioraphy aAstronomy1 aHussain, Amli Md Bin bSRS cBK 001040708StackRoom-aHMIbHMId2008-02-15g100.00l0o520 HUSp04643r2008-02-15v100.00w2008-02-12yBK c1261d1261